Coplas / (Record no. 126119)

MARC details
000 -LEADER
campo de control de longitud fija 00536nam a2200169 4500
001 - NÚMERO DE CONTROL
campo de control 126119
003 - IDENTIFICADOR DE NÚMERO DE CONTROL
campo de control ES-MaACL
005 - FECHA Y HORA DE LA ÚLTIMA TRANSACCIÓN
campo de control 20230906192746.0
007 - CAMPO FIJO DE DESCRIPCIÓN FÍSICA--INFORMACIÓN GENERAL
campo de control de longitud fija t|
008 - DATOS DE LONGITUD FIJA--INFORMACIÓN GENERAL
campo de control de longitud fija 070214s1970 sp r ||||1| spa d
100 1# - ENTRADA PRINCIPAL--NOMBRE DE PERSONA
Nombre de persona Reinosa, Rodrigo de.
9 (RLIN) 96066
245 10 - MENCIÓN DEL TÍTULO
Título Coplas /
Mención de responsabilidad, etc. Rodrigo de Reynosa ; [introducción, selección y notas de: Mª Inés Chamorro Fernández].
260 ## - PUBLICACIÓN, DISTRIBUCIÓN, ETC.
Lugar de publicación, distribución, etc. Madrid :
Nombre del editor, distribuidor, etc. Taurus,
Fecha de publicación, distribución, etc. 1970.
300 ## - DESCRIPCIÓN FÍSICA
Extensión 143 p. ;
Dimensiones 18 cm.
700 1# - ENTRADA AGREGADA--NOMBRE PERSONAL
Nombre de persona Chamorro Fernández, María Inés.
9 (RLIN) 37896
852 ## - LOCALIZACIÓN
Ubicación ES-MaACL
Número de control de estantería C-49188
Sublocalización o colección R.76148
Holdings
Estatus retirado Estado de pérdida Estado de daño No para préstamo Biblioteca de origen Biblioteca actual Ubicación en estantería Fecha de adquisición Fuente de adquisición Total de préstamos Signatura topográfica completa Código de barras Visto por última vez Precio de reemplazo Tipo de ítem Koha
        Biblioteca del Ateneo de Madrid Biblioteca del Ateneo de Madrid Depósito 2 17/01/2008     C-49188 1131367 23/02/2023 23/02/2023 Libro impreso